00513nam a2200145Ia 4500008004100000020001800041082001400059100003600073245007200109260002300181500001000204942000700214952013100221999001500352260604s9999 xx 000 0 und d a9783031758188 a332.1 BOC aBOCHOVE [CHRISTIAAN VAN]935452 0aBEYOND BANKS: A GLOBAL HISTORY OF CREDIT MARKETS AND INTERMEDIATION bPALGRAVE MACMILLAN aBanks cBK 00104070aIIMVbIIMVcLOCKERd2026-06-04g18499.37l0o332.1 BOCp003890r2026-06-04 10:19:37v18499.37w2026-06-04yBKBBOC c8272d8272